Peristiwa banjir kilat

Bibliographic Details
Main Author: Amer Haji Matsom
Format: Book
Published: Selangor : Pustaka Tintamas , 2006
Series:Siri positif dan negatif
Subjects:

MARC

LEADER 00000cam a2200000 7i4500
001 0000004166
005 20220105103958.0
008 070725
020 |a 9831351460(set) 
020 |a 9831351533 
090 0 0 |a JP   |b PR MAL (4197) 
100 0 |a Amer Haji Matsom 
245 0 0 |a Peristiwa banjir kilat   |c Amer Haji Mat Som 
260 |a Selangor :   |b Pustaka Tintamas ,   |c 2006 
440 |a Siri positif dan negatif 
500 |a Children age 4-6 years old (yellow) 
650 0 |a Junior preschool   |x Malay   |x Languages 
999 |a 0000919358   |b Book   |c Children Collection   |e Cawangan Bukit Gambir 
999 |a 0000919359   |b Book   |c Children Collection   |e Cawangan Bukit Gambir 
999 |a 0000919360   |b Book   |c Children Collection   |e Cawangan Bukit Gambir 
999 |a 0000927615   |b Book   |c Children Collection   |e Cawangan Tangkak 
999 |a 0000927616   |b Book   |c Children Collection   |e Cawangan Tangkak 
999 |a 0000927617   |b Book   |c Children Collection   |e Cawangan Tangkak 
999 |a 0000946563   |b Book   |c Children Collection   |e Cawangan Taman Sri Lambak 
999 |a 0000975238   |b Book   |c Children Collection   |e Cawangan Mersing 
999 |a 0000975241   |b Book   |c Children Collection   |e Cawangan Bandar Penawar 
999 |a 0000985947   |b Book   |c Children Collection   |e Perbadanan Perpustakaan Awam Johor 
999 |a 0000985948   |b Book   |c Children Collection   |e Perbadanan Perpustakaan Awam Johor 
999 |a 0000985949   |b Book   |c Children Collection   |e Cawangan Bukit Gambir 
999 |a 0000985950   |b Book   |c Children Collection   |e Cawangan Tangkak 
999 |a 0000985951   |b Book   |c Children Collection   |e Cawangan Tmn. Ungku Tun Aminah